00553nam a22001811a 4500001001100000005001700011008004100028035001600069040000800085100003400093240003500127245004300162260004800205300002100253504005300274650002400327050002000351000000268820140825164020.0881223s1937 tnu eng 1 argt65487081 aPUL10aConner, Walter Thomas,d1877-12aA system of Christian doctrine10aChristian doctrine /cW. T. Conner. --0 aNashville, Tenn. :bBroadman press,cc1937. a349 p. ;c20 cm. aIncludes bibliographical references and indexes. 0aTheology, Doctrinal aBT75b.C65 1937